01032cam a22002897a 45000010009000000050017000090080041000260100015000670200038000820200035001200200025001550400018001800820021001982450054002192500012002732600068002853000043003535000024003965040031004206500041004516530022004926550024005147000031005389420021005699990017005909520135006071733065320140430121208.0140430t2012 xxuak frb 001 0 eng d a2012941168 a9781461446989 (hbk. : alk. paper) a1461446988 (hbk. : alk. paper) z9781461446996 (ebk.) aDLCcDLCdDLC00222a005.453bMOD00aModern compiler design /cDick Grune ... [et al.] a2nd ed. aNew York, United States :bSpringer,cc.2012f(Acid-Free Paper) axxi, 822 p. :bforms, tables ;c24 cm. aIndex : p. 813-822. aBibliography : p. 799-811. 0aCompilers (Computer programs)913036 bCOMSCIcApril2014 vreading book9342321 aGrune, Dick,d1939-935954 2ddck005.453 MOD c18246d18218 00102ddc40708BaccahaMAINbMAINcLOWd2014-04-30epurchaseg620.00l0o005.453 MODp000035932r2025-07-15 00:00:00v775.00yBB